00981 a2200229 4500020001500000040001300015082001400028100001700042245011000059260007400169300003500243440004800278650005000326650003900376650003800415650004800453700001600501856005500517942002700572999001500599952013700614 a0780334043 aDLCbDLC a610.285631 aHudson, D. L00aNeural networks and artificial intelligence for biomedical engineeringcDonna L. Hudson, Maurice E. Cohen aNew York :bInstitute of Electrical and Electronics Engineers,cc2000 axxiii, 306 p. :bill. ;c26 cm 0aIEEE Press series in biomedical engineering 0aArtificial intelligencexMedical applications 0aNeural networks (Computer science) 0aExpert systems (Computer science) 0aBiomedical engineeringxComputer simulation1 aCohen, M. E uhttp://www.loc.gov/catdir/toc/onix07/99030757.html cBKk610.28563 HUD2ddc c7884d7884 001040708NFICaCLbCLcGENd2005-05-26eAcademic Book Companyg8280.99l0o610.28563 HUDpSEECS005799r2012-11-14w2017-01-05yBK